Intelligence and psychological test / (Record no. 190884)
[ view plain ]
| 000 -LEADER | |
|---|---|
| fixed length control field | 00848 a2200169 4500 |
| 003 - CONTROL NUMBER IDENTIFIER | |
| control field | Nust |
| 005 - DATE AND TIME OF LATEST TRANSACTION | |
| control field | 20221209100643.0 |
| 040 ## - CATALOGING SOURCE | |
| Transcribing agency | Nust |
| 082 ## - DEWEY DECIMAL CLASSIFICATION NUMBER | |
| Classification number | 150.28,TAB |
| 100 ## - MAIN ENTRY--PERSONAL NAME | |
| Personal name | Tabish, Muhammad Iqbal |
| 9 (RLIN) | 104532 |
| 245 ## - TITLE STATEMENT | |
| Title | Intelligence and psychological test / |
| Statement of responsibility, etc. | Muhammad Iqbal Tabish |
| 260 ## - PUBLICATION, DISTRIBUTION, ETC. | |
| Place of publication, distribution, etc. | Lahore |
| Name of publisher, distributor, etc. | Faridi |
| Date of publication, distribution, etc. | 2012 |
| 300 ## - PHYSICAL DESCRIPTION | |
| Extent | 328 p. |
| 505 ## - FORMATTED CONTENTS NOTE | |
| Formatted contents note | Theory of intelligence (Page-13), Measurement of intelligence and its types (Page-24), Intelligence and psychological tests (Page-29), Measurement of memory and g knowledge test (Page-146), Language proficiency test (Page-159), Looking at personality through psychological lenses (Page-199), Personality assessment test (Page-209), Group discussion (Page-233), Command task (Page-250), Pictorial test (Page-277). |
| 650 ## - SUBJECT ADDED ENTRY--TOPICAL TERM | |
| Topical term or geographic name entry element | Intelligence and psychological test |
| 9 (RLIN) | 104533 |
| 942 ## - ADDED ENTRY ELEMENTS (KOHA) | |
| Source of classification or shelving scheme | |
| Koha item type | Book |
| Withdrawn status | Lost status | Source of classification or shelving scheme | Damaged status | Not for loan | Permanent Location | Current Location | Shelving location | Date acquired | Total Checkouts | Full call number | Barcode | Date last seen | Date last checked out | Price effective from | Koha item type | Public note |
|---|---|---|---|---|---|---|---|---|---|---|---|---|---|---|---|---|
| Military College of Signals (MCS) | Military College of Signals (MCS) | General Stacks | 12/12/2016 | 1 | 150.28,TAB | MCS36173 | 11/17/2025 | 11/17/2025 | 12/12/2016 | Book | Almirah No.46, Shelf No.3 |
